Estadísticas para Imágenes de Satélite #3 - Sprint de 90 segundos

Haz click aquí para intentar la prueba.

Estadísticas generales

  • Esta prueba ha sido intentada 35 veces
  • La puntuación promedio es 9 de 16

Estadísticas de respuestas

Respuesta% Correcto
Somalia
97%
Río Nilo
87%
Mar Báltico
80%
Patagonia
80%
Mar Caspio
77%
Irán
73%
Manhattan
73%
Escocia
63%
Hawái
47%
Quebec
43%
Tasmania
43%
Terranova
40%
Bahía de Hudson
37%
Massachusetts
33%
Misisipi
27%
Sídney
20%

Distribución de puntuación

Porcentaje por número respondido

Porcentaje de gente con cada puntuación

Historial de tus puntuaciones

No has intentado esta prueba.